| 000 | 00982nam a22003137a 4500 | ||
|---|---|---|---|
| 001 | 0012204 | ||
| 003 | KOHA_MİRAKIL | ||
| 005 | 20260207001842.0 | ||
| 007 | ta | ||
| 008 | 091229b1999 tu |||grd|||#0|||1|tur | | ||
| 020 | _a9758380001 | ||
| 040 |
_aTR-BiSEU _btur _cTR-BiSEU _erda |
||
| 041 | 0 | _atur | |
| 044 | _ctu | ||
| 050 |
_aPE1635 _b.Z36 1999 |
||
| 100 | 1 | _aZaman, Şenol. | |
| 245 | 1 |
_aKPDS terimler sözlüğü: İngilizce-Türkçe Türkçe-İngilizce/ _cŞenol Zaman ; Şenol Zaman. |
|
| 264 | 1 |
_a[y.y. : _by.y.] _c1999 |
|
| 300 | _a xx, 303 sayfa | ||
| 336 |
_ametin _btxt _2rdacontent |
||
| 337 |
_aaracısız _bn _2rdamedia |
||
| 338 |
_acilt _bnc _2rdacarrier |
||
| 490 | 1 |
_aSözlük yayınlar dizisi ; _v2. |
|
| 650 | 0 |
_aEnglish language--Textbooks for foreign speakers--Dictionaries. _929519 |
|
| 650 | 0 |
_aTurkish language--Dictionaries--English. _93196 |
|
| 830 | 1 |
_aSözlük yayınlar dizisi ; _v2. _929520 |
|
| 907 | _aSözlük | ||
| 942 |
_2lcc _cBK |
||
| 999 |
_c12173 _d12173 |
||